Childhood Homes of Historical Figures (Picture Quiz) - Statistics

General Stats
  • This quiz has been taken 33 times
  • The average score is 6 of 16
Answer Stats
Picture Hint Answer % Correct
China Mao Zedong
85%
Russia Vladimir Lenin
85%
India Mahatma Gandhi
69%
USA George Washington
62%
Jamaica Bob Marley
58%
UK William Shakespeare
54%
Croatia Nikola Tesla
42%
Venezuela Simón Bolívar
42%
Germany Ludwig van Beethoven
19%
Poland Marie Curie
15%
Mexico Frida Kahlo
12%
Italy Leonardo da Vinci
12%
USA Martin Luther King Jr.
8%
France Victor Hugo
8%
Spain Antoni Gaudí
0%
UK Sir Walter Raleigh
0%
No matching quizzes found
Score Distribution
Percent of People with Each Score
Percentile by Number Answered
Your Score History
You have not taken this quiz